00986cam a2200217 a 4500001001000000003000600010005001700016008004100033040003000074082002300104245016100127260005800288300002100346504005300367650005000420651003300470710008500503910003600588952012700624999001700751000020184UkOxU20200929170314.0920114s1983 cu b 000 m spa d aDO-SdBNPbspacDLCdBNPHU aCu860.97291bP438h00aPerfil histórico de las letras cubanas :bdesde los orígenes hasta 1898 /cInstituto de Literatura y Lingüística de la Academia de Ciencias de Cuba. aLa Habana, (Cuba) :bEditorial Letras Cubanas,c1983. a501 p. ;c24 cm. aIncluye referencias bibliográficas: p. 473-501 4aLiteratura cubanaxHistoria y crítica95687 4aCubaxVida Intelectual956882 aInstituto de Literatura y Lingüística (Academia de Ciencias de Cuba).935428 aCatalogación derivada /Oxford 001054708MOaGRbGRcCTd2010-07-26iLF1l0oCu860.97291 P438hp20184-10r2020-06-25w2020-06-25y4ZPréstamo en sala c19691d19691